1923 1911 1496 1075 1656 1431 1950 1089 1014 1831 1996 1578 1325 1606 1864 1557 1914 1231 1126 1502 1110 1113 1482 1405 1749 1598 1471 1961 1483 1835 1119 1132 1859 1443 1671 1766 1880 1842 1081 1858 1481 1576 1631 1750 1102 1461 1976 1255 1958 1818 1644 1410 1464 1885 1498 1376 1198 1933 1488 1944 1266 1812 2000 1075 1766 1586 1478 1933 1248 1487 1559 1726 1815 1586 1340 1894 1936 1848 1773 1892 1818 1947 1474 1237 1696 1468 1588 1011 1852 1706 1128 1798 1304 1999 1569 1615 1368 1683 1440 BCNSPRNW ULIB Ver.6.0+V

เปลี่ยนเป็นภาษาไทย

Change to English
 แสดงรายละเอียดบรรณานุกรม
  กลับหน้าหลัก

Brief Record : Get Marc (ISO 2709) : E-mail record : QR code < ปิดหน้าต่าง
LEADER : 00000nam 2200000uu 4500
001    13399123484
003     ULIB
008    140924s2557||||th 000 0 tha d
020    ^a9786165517614
060 04 ^aWC100^bC976
100 0  ^aกำพล สุวรรณพิมลกุล,^eบรรณาธิการ
245 00 ^aCurrent topics in infectious diseases v.II/^cบรรณาธิการ, กำพล สุวรรณพิมลกุล ... [และคนอื่นๆ]
250    ^aพิมพ์ครั้งที่ 1
260    ^aกรุงเทพฯ :^bสาขาวิชาโรคติดเชื้อ ภาควิชาอายุรศาสตร์ คณะแพทยศาสตร์จุฬาลงกรณ์มหาวิทยาลัย,^c2557
300    ^a280 หน้า :^bภาพประกอบ ;^c26 ซม.
500    ^aพิมพ์ครั้งที่ 1
505 0  ^aโรคติดเชื้ออุบัติใหม่และโรคติดเชื้ออุบัติซ้ำ--How to combat with emerging infectious diseases in AEC era--จัดการอย่างไรกับโรคติดต่ออุบัติใหม่ในยุคประชาคมเศรษฐกิจอาเซียน--A way to overcome hurdles obstructing clinical diagnosis--โรคสครัปทัยฟัสและโรคติดเชื้อริกเก็ตเซีย:การวินิจฉัยและการรักษา--Emerging rickettsioses in Thaland--ไข้แดงกี่และไข้เลือดออกในผู้ใหญ่--การรักษาผู้ป่วยมาลาเรียในประเทศไทย--แนวทางการดูแลรักษาผู้ป่วย Febbrile neutropenia ภายหลังได้รับยาเคมีบำบัดในโรงพยาบาลจุฬาลงกรณ์--What is new in the management of viral hepatitis C--What non-nephrologist should know about kidney transplantation--แนวทางการตรวจวินิจฉัยโรคติดเชื้อของระบบประสาท--Neuroimaging in CNS infection--Updates on guidelines of antiretroviral therapy and new antiretroviral agents--วัคซีนสำหรับวันรุ่น ผู้ใหญ่และผู้สูงอายุ--การฉีดวัคซีนป้องกันโรคพิษสุนัขบ้า--การป้องกันโรคในบุคคลากรทางการแพทย์--Personal protective equipments (PPE) for healthcare personnel
650  4 ^aการติดเชื้อ^xการรักษา
650  4 ^aการติดเชื้อ^xการวินิจฉัย
650  4 ^aโรคติดเชื้อ^xการรักษา
650  4 ^aโรคติดเชื้อ^xการวินิจฉัย
710 2  ^aจุฬาลงกรณ์มหาวิทยาลัย. ^bคณะแพทยศาสตร์. ^bภาควิชาอายุรศาสตร์.^bสาขาวิชาโรคติดเชื้อ
945    ^p400^l0^i20839
945    ^p400^l0^i20840
999    ^aทศพร เกษรทอง
รายการนี้ยังไม่มีแท็ก
คุณยังไม่ได้ล็อกอิน คุณสามารถมีกิจกรรมร่วมกับเว็บไซต์ได้ แต่ต้องล็อกอินก่อน ::
  ล็อกอิน

รายการสื่อสารสนเทศ

ลำดับที่ ประเภท เลขเรียก/บาร์โค้ด สถานที่ สถานะ
1. วิทยาศาสตร์การแพทย์ และสุขภาพ
วิทยาศาสตร์การแพทย์ และสุขภาพ
สถานะ=หนังสือเก่า
WC100 C976 ฉ.1 
  Barcode: 20839
ห้องสมุดวิทยาเขตนครสวรรค์
►ส่วนจัดเก็บหนังสือเก่า นว.
บนชั้น
  ขอยืม
2. วิทยาศาสตร์การแพทย์ และสุขภาพ
วิทยาศาสตร์การแพทย์ และสุขภาพ
สถานะ=หนังสือเก่า
WC100 C976 ฉ.2 
  Barcode: 20840
ห้องสมุดวิทยาเขตนครสวรรค์
►ส่วนจัดเก็บหนังสือเก่า นว.
บนชั้น
  ขอยืม

BibComment


ยังไม่เคยถูกคอมเมนท์

คอมเมนท์ทรัพยากรรายการนี้
  คอมเมนท์: Current topics i..


 Copyright 2026. Bcnsprnw @Library